[Event "ISR-ch op"]
[Site "Acre"]
[Date "2024.01.27"]
[Round "7"]
[White "Gluhovsky, Mark"]
[Black "Gunders, Elad"]
[Result "1-0"]
[WhiteElo "2235"]
[BlackElo "1792"]
[PlyCount "69"]
[EventDate "2024.01.21"]
[EventType "swiss"]
[EventRounds "9"]
[EventCountry "ISR"]
[SourceTitle "CB05_2024"]
[SourceDate "2024.01.31"]
[SourceVersion "1"]
[SourceVersionDate "2024.01.31"]
[SourceQuality "1"]

1. e4 c5 2. Nf3 e6 3. g3 d5 4. exd5 exd5 5. Bg2 Qe7+ 6. Qe2 Nf6 7. Qxe7+ Bxe7 8. d4 Nc6 9. dxc5 Bxc5 10. 0-0 0-0 11. Nbd2 Bf5 12. Nb3 Bb6 13. c3 Ne4 14. Be3 Bxe3 15. fxe3 Rfe8 16. Nfd4 Bg6 17. Rad1 Rad8 18. Bxe4 Bxe4 19. Nc5 Nxd4 20. Rxd4 b6 21. Na6 Bg6 22. Kf2 Rd6 23. Rfd1 Rf6+ 24. Rf4 Rxf4+ 25. gxf4 Be4 26. Rd4 Re6 27. c4 b5 28. Nc5 bxc4 29. Nxe6 fxe6 30. b3 cxb3 31. axb3 a6 32. Ke2 Bg6 33. Rb4 Be8 34. Rb7 Bb5+ 35. Kd2 1-0

[Event "ISR-ch op"]
[Site "Acre"]
[Date "2024.01.23"]
[Round "3"]
[White "Pelech, Roee"]
[Black "Gunders, Elad"]
[Result "1-0"]
[WhiteElo "2178"]
[BlackElo "1792"]
[PlyCount "159"]
[EventDate "2024.01.21"]
[EventType "swiss"]
[EventRounds "9"]
[EventCountry "ISR"]
[SourceTitle "CB05_2024"]
[SourceDate "2024.01.31"]
[SourceVersion "1"]
[SourceVersionDate "2024.01.31"]
[SourceQuality "1"]

1. e4 c5 2. Nf3 e6 3. d4 cxd4 4. Nxd4 Nf6 5. Nc3 Nc6 6. Nxc6 bxc6 7. e5 Nd5 8. Ne4 Qc7 9. f4 Qb6 10. c4 Bb4+ 11. Ke2 f5 12. exf6 Nxf6 13. Be3 Qd8 14. Nd6+ Bxd6 15. Qxd6 Qe7 16. Qxe7+ Kxe7 17. Rd1 d6 18. c5 d5 19. Ke1 a5 20. Bd3 Ba6 21. Bc2 g6 22. Bd4 Rhd8 23. Kf2 Ne4+ 24. Ke3 Rab8 25. b3 Nf6 26. h3 Nd7 27. Rhe1 e5 28. fxe5 Nf8 29. Rd2 Ne6 30. Bd1 Rf8 31. Bg4 Rf7 32. Bxe6 Kxe6 33. Rf2 Rxf2 34. Kxf2 a4 35. Re3 axb3 36. axb3 Rb4 37. Bc3 Rf4+ 38. Kg3 d4 39. Kxf4 dxe3 40. Kxe3 h5 41. h4 Kf5 42. Kd4 Bf1 43. g3 Bb5 44. Bd2 Be2 45. Bf4 Ke6 46. Bd2 Bd1 47. b4 Be2 48. Ke4 Kf7 49. Ke3 Bc4 50. Kf4 Be2 51. Kg5 Bd3 52. Bc3 Be2 53. Bb2 Bd3 54. Ba1 Be2 55. Bc3 Bd3 56. g4 hxg4 57. Kxg4 Bf1 58. Kg5 Bd3 59. Bb2 Be4 60. Kf4 Bd3 61. Ke3 Bf1 62. Ke4 Bb5 63. Bc1 Bf1 64. Bg5 Bc4 65. Bd8 Be2 66. Kf4 Ke6 67. Kg5 Bd3 68. Bc7 Be4 69. Bd6 Bd3 70. b5 cxb5 71. c6 b4 72. c7 Kd7 73. e6+ Kc8 74. e7 Bb5 75. Kxg6 b3 76. Be5 Be8+ 77. Kg5 Kd7 78. h5 b2 79. Bxb2 Kxc7 80. h6 1-0

[Event "Jerusalem Israel op"]
[Site "Jerusalem"]
[Date "2019.12.22"]
[Round "9"]
[White "Gunders, Elad"]
[Black "Har Even, Abir"]
[Result "0-1"]
[WhiteElo "1803"]
[BlackElo "2104"]
[PlyCount "120"]
[EventDate "2019.12.12"]
[EventType "swiss"]
[EventRounds "9"]
[EventCountry "ISR"]
[SourceTitle "CBM 193 Extra"]
[Source "ChessBase"]
[SourceDate "2020.01.31"]
[SourceVersion "1"]
[SourceVersionDate "2020.01.31"]
[SourceQuality "1"]

1. d4 d6 2. Bf4 f5 3. e3 Nf6 4. Nf3 g6 5. Be2 Bg7 6. Nc3 0-0 7. h4 h6 8. Qd2 c6 9. Nh2 Kh7 10. Rg1 Qa5 11. g4 Ng8 12. g5 e5 13. gxh6 Nxh6 14. Bxh6 Bxh6 15. dxe5 Qxe5 16. Nf3 Qf6 17. Ng5+ Kh8 18. 0-0-0 d5 19. f4 Rg8 20. Nxd5 cxd5 21. Qxd5 Rf8 22. Bc4 Nc6 23. Nf7+ Kh7 24. Nxh6 Kxh6 25. h5 Rd8 26. Qxd8 Nxd8 27. Rxg6+ Qxg6 28. hxg6 Be6 29. Rxd8 Rxd8 30. Bxe6 Kxg6 31. Bc4 Kh5 32. Bd3 Kg4 33. e4 Kxf4 34. exf5 Ke3 35. b3 Rd6 36. Kb2 Kd4 37. Bb5 a6 38. Bf1 Rf6 39. Bd3 Rh6 40. Bc4 Rd6 41. Be6 b5 42. c4 b4 43. Kc2 Ke3 44. Bd5 Kf4 45. Be6 a5 46. Kc1 Rc6 47. Kd2 Ke5 48. Kd3 Rc7 49. Kc2 Rh7 50. Kb2 Rh2+ 51. Kb1 Kd4 52. Bd5 Rf2 53. Be6 Kc3 54. a3 bxa3 55. c5 a2+ 56. Ka1 Kb4 57. Bc4 Ka3 58. b4 axb4 59. c6 b3 60. c7 b2# 0-1

[Event "ISR-chT U18"]
[Site "Hakfar Hayarok"]
[Date "2014.08.20"]
[Round "5.19"]
[White "Neznansky, Shon"]
[Black "Gunders, Elad"]
[Result "1/2-1/2"]
[WhiteElo "1620"]
[BlackElo "1835"]
[PlyCount "27"]
[EventDate "2014.08.19"]
[EventType "team"]
[EventRounds "7"]
[EventCountry "ISR"]
[SourceTitle "EXT 2015"]
[Source "ChessBase"]
[SourceDate "2014.11.20"]
[SourceVersion "1"]
[SourceVersionDate "2014.11.20"]
[SourceQuality "1"]

1. d4 Nf6 2. Nf3 d5 3. c4 e6 4. g3 Be7 5. Bg2 0-0 6. b3 dxc4 7. bxc4 c5 8. 0-0 Nc6 9. e3 Qc7 10. Qe2 Rd8 11. Bb2 Bd7 12. Nbd2 Rac8 13. Rac1 b6 14. Rfd1 1/2-1/2